| 000 | 00861cam a22002533a 4500 | ||
|---|---|---|---|
| 001 | 17540 | ||
| 003 | PGUSA | ||
| 005 | 20140828083356.0 | ||
| 008 | 060118s2006||||xxu|||||s|||||000 p eng d | ||
| 040 |
_aPGUSA _beng |
||
| 042 | _adc | ||
| 050 | 4 | _aPG | |
| 100 | 1 |
_aDozon, Auguste, _d1822-1891 |
|
| 245 | 1 | 0 |
_aPoésies populaires Serbes : _bTraduites sur les originaux avec une introduction et des notes _h[electronic resource] / _cAuguste Dozon |
| 260 |
_bProject Gutenberg, _c2006 |
||
| 506 | _aPublic domain in the USA. | ||
| 516 | _aElectronic text | ||
| 653 | _aFolk poetry, Serbian -- Translations into French | ||
| 653 | _aEpic poetry, Serbian -- Translations into French | ||
| 653 | _aBallads, Serbian -- Texts -- Translations into French | ||
| 830 | 0 |
_aProject Gutenberg _v17540 |
|
| 856 | 4 | 0 | _uhttp://www.gutenberg.org/ebooks/17540 |
| 942 | _cEB | ||
| 999 |
_c246795 _d246795 |
||